000 00729nam a2200229 a 4500
001 73683
003 BD-RjUL
005 20211209082430.0
008 170606s1968 bg a b 001 0 eng
035 _a(BD-RjUL)73901
040 _aDLC
_cDLC
_dDLC
_dBD-RjUL
_beng
041 _aeng
082 0 0 _223
_a631.587095492
_bFAI 1968
100 1 _aFarouk, A.
_98876
245 1 0 _aIrrigation in a monsoon land :
_beconomics of farming in the Ganges-Kobadak /
_c A. Farouk.
260 _aDacca :
_bBureau of Economic Research, University of Dacca,
_c1968
300 _aiii, 169 p. :
_bill. ;
_c24 cm.
504 _aIncludes Bibliography and index
650 0 _aIrrigation
_zBangladesh.
_9218102
942 _2ddc
_cBK
999 _c73683
_d73683